Click the Countries Coastline - Statistics

General Stats
  • This quiz has been taken 9 times
  • The average score is 3 of 24
Answer Stats
Hint Answer % Correct
Canada 202,080
88%
Bosnia and Herzegovina 20
63%
Monaco 4
63%
Philippines 36,289
25%
Indonesia 54,716
25%
Belgium 67
25%
Australia 25,760
13%
Trinidad and Tobago 362
13%
Togo 56
13%
Norway 83,281
13%
Finland 1,250
0%
New Zealand 15,134
0%
Libya 1,770
0%
United States 19,924
0%
Oman 2,092
0%
Peru 2,414
0%
Japan 29,751
0%
Sweden 3,218
0%
Somalia 3,333
0%
Madagascar 4,828
0%
France 4,853
0%
East Timor 706
0%
Brazil 7,491
0%
Italy 7,600
0%
No matching quizzes found
Score Distribution
Percent of People with Each Score
Percentile by Number Answered
Your Score History
You have not taken this quiz